Efektívny nástroj regionálneho rozvoja
Databáza SARIO eviduje desiatku priemyselných parkov tzv. prvej kategórie, ktoré sú pripravené na bezprostredný príchod investora a približne 75 území tzv. druhej kategórie, ktoré treba ešte dokončiť. Pravidlá definujúce priemyselný park. Klasifikácia priemyselných parkov. Formy štátnej podpory pre...
Salvato in:
| Autore principale: | |
|---|---|
| Natura: | Capitolo di libro |
| Lingua: | slovacco |
| Soggetti: | |
| Tags: |
Nessun Tag, puoi essere il primo ad aggiungerne!!
|
MARC
| LEADER | 00000naa$a2200000$$$4500 | ||
|---|---|---|---|
| 001 | 0040117 | ||
| 005 | 20231006121540.0 | ||
| 041 | 0 | |a slo | |
| 044 | |a SK | ||
| 245 | 1 | 0 | |a Efektívny nástroj regionálneho rozvoja |c Michal Novota |
| 520 | |a Databáza SARIO eviduje desiatku priemyselných parkov tzv. prvej kategórie, ktoré sú pripravené na bezprostredný príchod investora a približne 75 území tzv. druhej kategórie, ktoré treba ešte dokončiť. Pravidlá definujúce priemyselný park. Klasifikácia priemyselných parkov. Formy štátnej podpory pre developérov. Park zo štrukturálnych fondov. Prehľad priemyselných parkov prvej kategórie s etablovanými investormi. | ||
| 610 | 2 | 0 | |a rozvoj regionálny |
| 610 | 2 | 0 | |a parky priemyselné |
| 610 | 2 | 0 | |a investori |
| 610 | 2 | 0 | |a investovanie |
| 610 | 2 | 0 | |a podpora podnikania |
| 610 | 2 | 0 | |a programy rozvojové |
| 610 | 2 | 0 | |a Slovensko |
| 100 | 1 | |a Novota, Michal | |